00386pab a2200133 454500008004000000100001800040245008300058260000900141300001500150362001200165650004100177650002100218773001300239180718b2012 xxu||||| |||| 00| 0 eng d aSaini, Sakshi aA study of access to basic household amenities in informal settlement of Delhi c2012 ap.114-129. aJul-Sep aBasic urban services - India - Delhi aPublic utilities aNagarlok